LEADER 01188nam a2200241 i 4500 001 000000066540 003 CaOOAMICUS 005 20140221000000.0 008 140221s1938 xx u000 u ger u 013 $a37712 040 $aSeMil$bita 100 1 $aSchlenker, Ernst.$0(OLS)http://semarc/name/33375 245 14$aDie Lehre von den göttlichen Namen in der Summe Alexanders von Hales :$bihre Prinzipien und ihre Methode /$cvon Ernst Schlenker. 260 $aFreiburg im Breisgau :$bHerder & Co.,$c1938. 300 $aXXIII, 393 p. ;$c25 cm. 490 0 $aFreiburger theologische Studien ;$v46 600 04$aAlessandro : di Hales .$0(OLS)http://semarc/subject/12765 650 4$aBibbia - Nomi divini.$0(OLS)http://semarc/subject/8732 830 0$aFreiburger theologische Studien ;$v46.$0(OLS)http://semarc/title/549 850 $aSeMil 852 $aSeMil$W1$xVenegono$y1$m2N IV 126$j32693$B32693$CSeMilBibl$Z2$F32696 $81 996 $6245$aDie Lehre von den göttlichen Namen in der Summe Alexanders von Hales :$bihre Prinzipien und ihre Methode$9(OLS)http://semarc/title/105820 996 $6260$aFreiburg im Breisgau :$bHerder & Co.$9(OLS)http://semarc/publisher/29979 LEADER 01154nam a2200265 i 4500 001 000000108723 003 CaOOAMICUS 005 20050729000000.0 008 050729s1969 it u000 u eng u 013 $a81403 020 $a7148-1370-2 040 $aSeMil$bita 100 1 $aVerrocchio, Andrea.$0(OLS)http://semarc/name/45666 245 10$aVerrocchio :$bsculptures, paintings and drawings : complete edition /$cby G. Passavant. 260 $aLondon & New York :$bPhaidon,$ccopyr. 1969. 300 $a223 p., [1] c. di tav., [16] p. di tav. :$briccamente ill. ;$c31 cm. 500 $aContiene : Appendix. - Fondo Ciprandi. 650 4$aVerrocchio, Andrea .$0(OLS)http://semarc/subject/19201 850 $aSeMil 852 $aSeMil$W1$xVenegono$y1$m5R X 25$j64787$B64787$CSeMilBibl$Z2$F101050 $8I 941 1 $a1 961 $aOmaggio: Ciprandi dott. Paolo 996 $6020$a7148-1370-2$9(OLS)http://semarc/number/89765 996 $6245$aVerrocchio :$bsculptures, paintings and drawings : complete edition$9(OLS)http://semarc/title/157715 996 $6260$aLondon & New York :$bPhaidon$9(OLS)http://semarc/publisher/44937